African Dictators - Statistics

General Stats
  • This quiz has been taken 137 times
    126 since last reset
  • The average score is 6 of 16
Answer Stats
Country Dictator % Correct
Uganda Idi Amin
84%
Zimbabwe Robert Mugabe
78%
Libya Muammar Gaddafi
75%
Zaire (DR Congo) Mobutu Sese Seko
73%
Sudan Omar Al-Bashir
42%
Central African Empire (Central African Republic) Jean-Bedel Bokassa
40%
Liberia Charles Taylor
39%
Ethiopia Mengistu Mariam
26%
Chad Idriss Deby
22%
Angola Jose Eduardo Dos Santos
19%
Chad Hissene Habre
18%
Equatorial Guinea Tedodoro Obiang Nguema Mbasogo
18%
Nigeria Sani Abacha
16%
South Africa Hendrik Verwoerd
6%
Rwanda Jean Kambanda
1%
Equatorial Guinea Francisco Macias Nquema
0%
No matching quizzes found
Score Distribution
Percent of People with Each Score
Percentile by Number Answered
Your Score History
You have not taken this quiz since the last reset